000 00933nas a2200265 4500
001 BR2013004456
003 BR-BrBNA
005 20231205122513.0
007 ta
008 230509b bl.|||p| |||| 00| 00por d
040 _aBR-BrBNA
_bpor
_cBiblioteca Nacional de Agricultura
041 _a(Pt)
072 _aQ70
100 1 _aBrião, V.B.
100 1 _aTavares, C.G.R.
245 1 _aUltrafiltração de efluente da indústria de laticínios para recuperação de nutrientes: efeito da pressão e da velocidade tangencial
_bNota Científica
650 _aPROCESSAMENTO
650 _aRESÍDUO INDUSTRIAL
650 _aLIMPEZA
650 _aREDE DE ESGOTO
773 0 _tBrazilian Journal of Food Technology (Brazil)
_xISSN 1519-0900
_g(Oct-Dec 2012), V. 15(4) p. 352-362
_wBR2013004456
856 4 0 _uhttp://www.scielo.br/pdf/bjft/v15n4/bjft_aop_7910.pdf
909 _a202311
_bLúcia
_c55
_dLúcia Elande
942 _2AGRIS
_n0
_cANA
999 _c228997
_d228997